Score 0/30 Timer 07:00
0 Plays Today
Name the top Cult TV Shows as listed by % Correct
Lost
50.8%
Star Trek
48.8%
Buffy the Vampire Slayer
45.5%
Firefly
41.1%
The X-Files
33.3%
Battlestar Galactica
32.9%
Freaks and Geeks
32.5%
The Simpsons
26.4%
Family Guy
25.2%
Veronica Mars
24.8%
Twin Peaks
19.9%
Twilight Zone
18.7%
Doctor Who
11.8%
The Prisoner
10.6%
Stargate SG-1
10.2%
Name the top Cult TV Shows as listed by % Correct
Jericho
8.1%
Babylon 5
7.3%
Xena: Warrior Princess
6.5%
Quantum Leap
5.7%
Monty Python's Flying Circus
5.3%
Dark Shadows
5.3%
Farscape
4.5%
The Avengers
3.7%
Beauty and the Beast
3.3%
Strangers with Candy
2.4%
Pee-Wee's Playhouse
2%
Mary Hartman, Mary Hartman
2%
Absolutely Fabulous
2%
H.R. Pufnstuf
0.8%
Myster Science Theatre 3000
0.4%
Remove Ads.
Support Sporcle.
Get the best of Sporcle when you Go Orange. This ad-free experience offers more features, more stats, and more fun while also helping to support Sporcle. Thank you for becoming a member.

You're not logged in!

Compare scores with friends on all Sporcle quizzes.
OR
Log In

Show Comments

Extras

Created Sep 23, 2009SourceReportNominate
Tags:Show Quiz, cult

Top Quizzes Today


Score Distribution

Your Account Isn't Verified!

In order to create a playlist on Sporcle, you need to verify the email address you used during registration. Go to your Sporcle Settings to finish the process.

Report this User

Report this user for behavior that violates our Community Guidelines.

Details: